| 000 | 00557cam a2200193u 4500 | ||
|---|---|---|---|
| 001 | unk82034945 | ||
| 003 | DLC | ||
| 005 | 20260227112759.0 | ||
| 008 | 821215s1919 xx 000 0 eng | ||
| 010 | _aunk82034945 | ||
| 040 |
_aDLC _cCarP _dDLC |
||
| 050 | 0 | 0 |
_aPZ3.M2329 _bBu _aPR6025.A317 |
| 100 | 1 |
_aMcNeile, H. C. _q(Herman Cyril), _d1888-1937. |
|
| 245 | 0 | 0 | _aBull-dog Drummond. |
| 260 |
_aNew York, _c[1919] |
||
| 300 |
_a1 v. _bcm. |
||
| 650 | 0 |
_aDrummond, Bulldog (Fictitious character) _vFiction. |
|
| 655 | 7 |
_aDetective and mystery stories. _2gsafd |
|
| 999 |
_c91378 _d91378 |
||